=LDR 00000nam 2200000 4500 =001 INLIS000000000007058 =005 20130612095122 =008 ***********************************Ind** =035 ##$$0010-061300000007058 =041 ##$$a Ind =082 ##$$a 2X0.007 =090 ##$$a 2X0.007, uLW R =100 ##$$a Ulwan, Abdullah Nashih =245 ##$$a Ringkasan pedoman pendidikan anak dalam Islam, DR. Abdullah Nashih Ulwan =260 ##$$a 1998 $b Solo =300 ##$$a 207 hlm., 21 cm =650 ##$$a Islam-Pendidikan Anak